000
00245nam a2200109Ia 4500
008
190912s9999||||xx |||||||||||||| ||und||
100
_a
Qudratullah Khan
245
0
_a
Zindagi
260
_a
America
_b
Universal
_c
2001
300
_a
104
942
_c
BK
999
_c
7307
_d
7307